Autisté? Zajímavé posily do týmu

V Česku spúšťajú program zapojenia ľudí s autizmom do kvalifikovanej práce. Vďaka vynikajúcej pamäti, výnimočnému logickému mysleniu a dôrazu na detaily majú autisti šancu na uplatnenie v takmer akejkoľvek pracovnej pozícii.

Na minha lista:
Detalhes bibliográficos
Formato: Capítulo de Livro
Idioma:tcheco
Assuntos:
Tags: Adicionar Tag
Sem tags, seja o primeiro a adicionar uma tag!

MARC

LEADER 00000naa a2200000 4500
001 0200985
005 20231113134958.1
041 0 |a cze 
044 |a CZ 
245 1 0 |a Autisté? Zajímavé posily do týmu 
520 |a V Česku spúšťajú program zapojenia ľudí s autizmom do kvalifikovanej práce. Vďaka vynikajúcej pamäti, výnimočnému logickému mysleniu a dôrazu na detaily majú autisti šancu na uplatnenie v takmer akejkoľvek pracovnej pozícii. 
610 2 0 |a trh práce 
610 2 0 |a choroby duševné 
610 2 0 |a práca tímová